Loading...

The Journal Of Oriental Research

Bibliographic Details
Format: Printed Book
Published: Madras; The Kuppuswami Sastri Research Institute Institute, Mylapore; 1954
Subjects:
LEADER 00472nam a22001217a 4500
082 |a 808  |b THE/T J4 
245 |a The Journal Of Oriental Research 
260 |a Madras;  |b The Kuppuswami Sastri Research Institute Institute, Mylapore;  |c 1954 
300 |a 44p. 
650 |a English; Oriental Studies  |9 319253 
942 |c BK 
999 |c 67324  |d 67324 
952 |0 0  |1 0  |4 0  |6 808_000000000000000_THE_T_J4  |7 0  |8 Eng  |9 80071  |a MAL  |b MAL  |d 2016-11-09  |e 247  |l 0  |o 808 THE/T J4  |p MAL000247  |r 2016-11-09  |t 1  |w 2016-11-09  |y BK